000 00706nam a2200289Ia 4500
005 20260324123901.0
008 008 260324s9999 xx 000 0 eng d
020 _a9780429144967
037 _aEBOOK
040 _aCRL
040 _beng
040 _cCRL
041 _2eng
041 _aeng
084 _qCRL
100 _aJames D. McGlothlin; Amit Bhattacharya
_91172018
245 0 _aOccupational Ergonomics
245 0 _bTheory and Applications, Second Edition
260 _bTaylor and Francis
260 _c2011
365 _a
365 _b435
856 _uhttp://www.taylorfrancis.com/books/9780429144967
942 _cEBOOK
999 _c1765914
_d1765914